<?xml version="1.0" encoding="UTF-8"?><collection xmlns="info:lc/xmlns/marcxchange-v2"><record format="Unimarc" type="bibliographic"><leader>00845nam  2200217   450 </leader><controlfield tag="001">2190125</controlfield><controlfield tag="003">http://id.bnportugal.gov.pt/bib/porbase/2190125</controlfield><datafield ind1=" " ind2=" " tag="010"><subfield code="a">0-8223-2290-0</subfield><subfield code="b">brochado</subfield><subfield code="d">compra</subfield></datafield><datafield ind1=" " ind2=" " tag="035"><subfield code="a">UNLCSH_BC_150.iso/06-07-2009/59571</subfield></datafield><datafield ind1=" " ind2=" " tag="035"><subfield code="a">UNLCSH20070917104514</subfield></datafield><datafield ind1=" " ind2=" " tag="100"><subfield code="a">20070917d2006    k  y0porb0103    ba</subfield></datafield><datafield ind1="0" ind2=" " tag="101"><subfield code="a">eng</subfield></datafield><datafield ind1=" " ind2=" " tag="102"><subfield code="a">US</subfield></datafield><datafield ind1="1" ind2=" " tag="200"><subfield code="a">&lt;The &gt;Brazil reader</subfield><subfield code="e">history, culture, politics</subfield><subfield code="f">edited by Robert M. Levine and John J. Crocitti</subfield></datafield><datafield ind1=" " ind2=" " tag="210"><subfield code="a">Durham</subfield><subfield code="c">Duke University Press</subfield><subfield code="d">imp. 2006</subfield></datafield><datafield ind1=" " ind2=" " tag="215"><subfield code="a">X, 527 p.</subfield><subfield code="c">il.</subfield><subfield code="d">24 cm</subfield></datafield><datafield ind1="2" ind2=" " tag="225"><subfield code="a">&lt;The &gt;Latin America readers</subfield><subfield code="f">a series edited by Robin Kirk and Orin Starn</subfield></datafield><datafield ind1=" " ind2=" " tag="300"><subfield code="a">Contém sugestões de leitura, informações sobre copyright e índice</subfield></datafield><datafield ind1=" " ind2=" " tag="675"><subfield code="a">908(81)(082)</subfield><subfield code="v">BN</subfield><subfield code="z">por</subfield></datafield><datafield ind1=" " ind2="1" tag="702"><subfield code="a">Levine</subfield><subfield code="b">Robert M.</subfield><subfield code="4">340</subfield></datafield><datafield ind1=" " ind2="1" tag="702"><subfield code="a">Crocitti</subfield><subfield code="b">John J.</subfield><subfield code="4">340</subfield></datafield><datafield ind1=" " ind2="0" tag="801"><subfield code="a">PT</subfield><subfield code="b">UNLCSH</subfield><subfield code="g">RPC</subfield></datafield></record></collection>